|
|
|
|
| LEADER |
00000nam a22000007a 4500 |
| 005 |
20191015234834.0 |
| 007 |
cr|||| |||| |
| 008 |
191015s2018 co |||||s|||| 00||0 spa d |
| 020 |
|
|
|a 978-958-760-100-8
|
| 035 |
|
|
|a 30549
|
| 040 |
|
|
|a vLex
|
| 090 |
|
|
|c 9846
|d 9846
|
| 100 |
1 |
|
|a Briceǫ Ruiz, Još
|
| 245 |
1 |
3 |
|a Las teora̕s de la integracin̤ regional
|h [Recurso electrn̤ico] :
|b ms̀ all ̀del eurocentrismo /
|c Jos ̌Briceǫ Ruiz
|
| 256 |
|
|
|a Servicio en ln̕ea
|
| 260 |
|
|
|a Bogot:̀
|b Ediciones Universidad Cooperativa de Colombia,
|c 2018
|
| 300 |
|
|
|a 1 recurso electrn̤ico
|
| 506 |
1 |
|
|a Disponible solo en los productos indicados
|d vLex Global
|d vLex Global (Academic Edition, excluding Law Schools)
|d vLex Global (U.S. Academic Edition, Law Schools)
|d vLex Global (U.S. Academic Edition, excluding Law Schools)
|d vLex Global (Academic Edition, Law Schools)
|
| 650 |
0 |
4 |
|a Derecho Internacional
|z Colombia
|
| 740 |
0 |
|
|a vLex Libros (Servicio en ln̕ea)
|
| 856 |
4 |
0 |
|u http://vlex.com/source/teorias-integracion-regional-mas-alla-eurocentrismo-30549
|z Acceso restringido
|
| 942 |
|
|
|c BOOK
|
| 999 |
0 |
|
|a International right
|